000
00288nam a2200109Ia 4500
008
220204s9999 xx 000 0 und d
082
_a
338.43:631.117
_b
RAY
100
_a
RAY, Susanta K
245
0
_a
Policy planning for agricultural development
260
_a
Delhi
_b
TMH
_c
1979
942
_c
BK
999
_c
32821
_d
32821